00357nam a2200133Ia 4500003000400000008004100004040001600045082001800061100002500079245005000104260004700154300001000201650001200211GCL140319s9999 xx 000 0 eng d aGCL / cGCL04a610.7365bL G1 aLUECKENOTTE, ANNETTE10aGERONTOLOGIC NURSING / cLUECKENOTTE, ANNETTE a[S.N] : bMOSBY -YEAR BOOK , JNC ، c1996 a960 P04aNURSING